[Event "RUS-ch Superfinal"]
[Site "Moscow"]
[Date "2006.12.09"]
[Round "6"]
[White "Nepomniachtchi, Ian"]
[Black "Jakovenko, Dmitrij"]
[Result "0-1"]
[WhiteElo "2545"]
[BlackElo "2671"]
[Annotator "Marin,M"]
[PlyCount "144"]
[EventDate "2006.12.03"]
[EventType "tourn"]
[EventRounds "11"]
[EventCountry "RUS"]
[EventCategory "15"]
[SourceTitle "CBM 116"]
[Source "ChessBase"]
[SourceDate "2007.02.01"]
[SourceVersion "1"]
[SourceVersionDate "2007.02.01"]
[SourceQuality "1"]

1. e4 e5 2. Nf3 Nc6 3. Bb5 a6 4. Ba4 Nf6 5. Qe2 b5 6. Bb3 Be7 7. c3 O-O 8. d3 {
Usually, White connects the early development of the queen to e2 (known as the
Worrall attack) with a4 or c3 and d4 followed by Rd1. If he intends to play
with a restrained centre, then more flexible is 5.d3, refraining from defining
the queen's position too soon.} Re8 {This move is aimed to prepare the
thematical opening of the centre with ...d5.} ({The immediate} 8... d5 {
is possible, but Black might have feared} 9. Bg5 {, when Black has to release
the tension in the centre already. However, Black managed to hold his own in
Tiviakov,S (2590)-Adams,M (2680)/Groningen 1997/CBM 063/[Wedberg] (1/2-1/2, 38)
}) ({The solid continuation} 8... d6 9. Nbd2 Na5 10. Bc2 c5 {, in the spirit
of the Chigorin Ruy Lopez is also playable.} 11. Nf1 Re8 12. h3 Nc6 13. g4 d5
14. Ng3 dxe4 15. dxe4 Be6 16. Nf5 Nd7 {1/2-1/2 Ciocaltea,V (2450)-Nikolic,Z 
(2460)/Nis 1981/MCD}) 9. Bg5 $6 {This is peecisely What Black was counting on.
The bishop has nothing to do on the h4-d8 diagonal if Black has not played ...
d5 yet.} (9. Nbd2 {fails to bother Black. He can safely play} d5 {now, without
fearing Bg5.} 10. h3 Bf8 11. g4 Bb7 12. Nf1 Na5 13. Bc2 c5 14. Ng3 {. White
has managed to put the enemy kingside under some pressure, but Black's action
in the centre is more rapid and has a more concrete form.} c4 15. O-O cxd3 16.
Bxd3 Nc4 $15 {Sumaneev,D (2435)-Notkin,M (2515)/Orel 1997/EXT 99 (1/2-1/2, 26)}
) ({The critical test for Black's last move is the natural} 9. Ng5 $1 d5 $2 (
9... Rf8 {is safer, but leaves White with some initiative after} 10. f4 {
anyway.}) 10. exd5 Nxd5 11. Nxf7 $1 {Given his opponent's high rating,
Nepomniachtchi probably did not take such radical means into account too
seriously. This sacrifice is typical for certain lines of the Two Knights Game.
} Kxf7 12. Qh5+ $2 (12. Qf3+ $1 Ke6 13. c4 bxc4 14. dxc4 Bb4+ {. A necessary
check, in order to clear the e7-square for the knight.} 15. Bd2 Bxd2+ 16. Nxd2
Nde7 17. O-O-O $16) 12... Kf8 13. Qf3+ $2 Nf4 14. Qxc6 Qxd3 $19 {Pina,S (2303)
-Pilgaard,K (2437)/Padron 2002/CBM 089 ext (0-1, 21)}) 9... d6 ({Actually,} 
9... h6 {would be a more restrictive move order.} 10. Bxf6 $6 ({This is rather
pointless. White gets nothing by giving up the pair of bishops so easily.} 10.
Bh4 d6 11. Nbd2 Na5 {would transpose to the game.}) 10... Bxf6 11. Bd5 Rb8 12.
Nbd2 Ne7 13. Bb3 d5 14. O-O c5 15. Rfd1 Bb7 16. a4 d4 $6 (16... Qc7 $15) 17.
cxd4 exd4 18. Ne1 Nc6 19. Qh5 c4 20. axb5 (20. dxc4 Na5) 20... Re5 $6 (20...
axb5 21. dxc4 Na5 22. Rxa5 Qxa5 23. cxb5 Re7 24. Nd3 $44) 21. Qe2 Na5 22. Bxc4
axb5 23. f4 Re7 24. Ba2 $16 {Kharitonov,A (2235)-Allen,K (2210)/IECC Email
1999/Corr 2002 (1-0, 41)}) 10. Nbd2 h6 11. Bh4 ({Now, White could consider} 11.
Bxf6 Bxf6 12. Bd5 {more seriously, because Black needs one extra-tempo in
order to get out of the pin. However, this hardly offers White an advantage.}
Bd7 13. O-O Rb8 $11) 11... Na5 12. Bc2 c5 13. Nf1 {[%csl Rd5][%cal Yf1e3]} Nh5
{This move is typical for the Old Indian defence. Here, it serves Black even
better, because his centre is not under pressure.} 14. Bg3 (14. Bxe7 Qxe7 15.
Ne3 Nf4 $15) 14... Be6 15. Ne3 {The white queen's knight has completed its
regroupment. With his next few moves, Black will take the f5- and d5-squares
under control, casting some doubt above White's whole concept.} Bf6 16. O-O g6
17. a3 Nc6 18. Qd1 Ne7 19. d4 $6 {White should not start playing on dark
squares, since the exchange on g3 is inevitable and he will miss his bishop
badly.} (19. Bb3 {[%csl Yd5] might be better, although I prefer Black after}
Nxg3 20. hxg3 d5) 19... Nxg3 20. hxg3 exd4 21. cxd4 Bg7 (21... Qb6 22. e5 dxe5
23. dxe5 Rad8 24. Qe2 Bg7 $15 {/\...Nc6, ><d4, Pe5.}) 22. Qd2 d5 23. Rad1 Rc8
24. e5 Nc6 25. Rfe1 Qc7 (25... cxd4 $1 26. Nxd4 (26. Nf1 Bg4 $17 {[%csl Ge5]})
26... Nxd4 27. Qxd4 Qg5 $17 {[%csl Gc2,Ge5]} 28. f4 $140 Qxg3) 26. dxc5 d4 $132
27. Nf1 Nxe5 28. Nxe5 Qxc5 29. Rc1 Bxe5 30. Bxg6 Qd6 31. Rxc8 Bxc8 32. Bd3 Bd7
33. Re4 Bg7 34. Rf4 Bc6 35. Nh2 Qe6 36. Qc2 Qe1+ 37. Nf1 Bd5 38. Qc5 Qe6 39.
Rf5 Bc4 40. Rf3 Bxd3 41. Rxd3 Qc4 42. Qf5 Re1 43. f4 Qc2 44. g4 Re2 45. Rg3
Qxf5 46. gxf5 Kf8 47. Rd3 Rxb2 48. Nd2 Ke7 49. g4 Kd6 50. Kf2 Kd5 51. g5 hxg5
52. fxg5 f6 53. g6 Ke5 54. Ke2 Kxf5 55. Kd1 Ra2 56. Kc1 b4 57. axb4 Kxg6 58.
Nf3 f5 59. Kb1 Rf2 60. Kc1 f4 61. Kd1 Kf5 62. Ra3 Kg4 63. Ne1 f3 64. Nd3 Rf1+
65. Kd2 Bh6+ 66. Kc2 f2 67. Rxa6 Rc1+ 68. Nxc1 Bxc1 69. Ra1 f1=Q 70. Rxc1 Qc4+
71. Kd2 Qxb4+ 72. Kd3 Qa3+ 0-1

[Event "Tata Steel-A 76th"]
[Site "Wijk aan Zee"]
[Date "2014.01.15"]
[Round "4"]
[White "Dominguez Perez, Leinier"]
[Black "Caruana, Fabiano"]
[Result "1-0"]
[WhiteElo "2754"]
[BlackElo "2782"]
[Annotator "Mekhitarian,K"]
[PlyCount "215"]
[EventDate "2014.01.11"]
[EventType "tourn"]
[EventRounds "11"]
[EventCountry "NED"]
[EventCategory "20"]
[SourceTitle "CBM 159"]
[Source "ChessBase"]
[SourceDate "2014.03.17"]
[SourceVersion "1"]
[SourceVersionDate "2014.03.17"]
[SourceQuality "1"]

1. e4 e5 2. Nf3 Nc6 3. Bb5 a6 4. Ba4 Nf6 5. O-O Be7 6. d3 b5 7. Bb3 d6 8. a3
O-O 9. Nc3 Be6 10. Be3 {It's funny how unexplored chess is after all. With
seemingly natural moves, we already arrive at a position that has never been
played before.} Qd7 11. Nd5 Bd8 12. Bg5 Bxd5 (12... Ne8 {was the alternative,
keeping the B pair} 13. Bd2 $5 {wanting to play a4 next (now Black doesn't
have b4).}) 13. exd5 Nd4 14. Nxd4 exd4 {A rare structure is starting to come
about. In any case, White is the only looking for the advantage.} 15. a4 (15.
Qf3 $6 Ne4 $1 16. Bxd8 Nd2 $11 {and Black should be cool after taking on b3
and d8.}) 15... Qf5 16. Bd2 Rb8 17. axb5 axb5 18. h3 h5 (18... Nxd5 $2 19. g4
Qe5 20. Re1 Ne3 21. Qf3 $18) 19. Ra7 h4 {Apparently wanting to take on d5.} 20.
Qf3 $5 (20. Re1 $5 {keeping the tension was also possible. Because:} Nxd5 21.
Qg4 Ne7 22. Re4 Qxg4 23. hxg4 {and it feels White could get a better position
out of this, there is a lot of compensation, and the d4-P is soon to be lost,
after a move like Ra6.} d5 24. Re1 {Bb4 threatened} c5 25. Rd7 c4 26. Ba2 $44 {
Bb1 if needed and Bb4 next. Not easy for Black.}) 20... Qxf3 21. gxf3 {A
difficult position to evaluate. White has a lot of space, potential weaknesses
to attack, but also a couple of double isolated pawns of his own. I think this
is one of the things that separates super elite players from others - they are
ready to play and most of the time evaluate with precision any
non-conventional position, where we, normal humans, would take much much
longer to start understanding what is going on.} Re8 {Wanting Re5 at some
point.} (21... g6 {is one of the bizarre computer suggestions. Black wants to
play Kg7-Rh8-Rh5!?, trying to hit on d5. Meanwhile, White would probably get
nice counterplay on the a-file. In any case, even if d5 falls, as shown in the
20th move analysis, White will have strong play, for his b3-B comes into life
again} 22. Rfa1 Kg7 23. Kg2 Rh8 $5 24. R1a5 Rh5 25. Ra8 Rxa8 26. Rxa8 Be7 {
and Black is defending himfself.}) 22. f4 Nd7 23. Bb4 Nb6 24. Kg2 Na4 25. Ba3 (
25. Bxa4 $6 {there's no point giving this chance to Black} bxa4 26. Rxa4 Rb5 $1
$132) 25... Nb6 26. Bb4 Na4 27. Rb1 {Ok, now things kind of settled. White is
controlling any sort of invasions with Re2, and also all the N moves (...Nc5
normally loses to Bxc5! dxc5 d6!). We are planning to go with Kf3, and
possibly even c4!? for example:} Re7 $5 {Avoiding the c4 trick forever, and
gently threatening c5! - yes, we won't be able to exchange on e7, and then
take en passant - even though it seems the natural thing to do :)} (27... g6
28. Kf3 Kg7 29. c4 {taking advantage of the hanging a4-N (and the e8-R for
that matter, Bxa4, Bxe8)} dxc3 (29... Nb6 30. c5 $1 $16 {Black's nightmare is
the opening up of the position, since the Bs would be just winning easily}) 30.
bxc3 $16 {one of the ideas is to play Ba5 now, and have Bc2 available (not
possible before c4).} (30. Bxa4 $5 bxa4 31. bxc3 Rb5 $1 {trying not to lose
the P for free} 32. c4 Rb8 {the pin in somewhat annoying I think, and the
quick exchange gives Black drawing chances:} 33. Bc3+ Bf6 34. Bxf6+ Kxf6 35.
Rxb8 Rxb8 36. Rxa4 {A funny moment, Black has to decide between Kf5 with Rc8,
waiting passively, or Rb1-Rh1-Rd1, looking for counterplay. Sample lines
follow:} Rb3 37. Ke3 Rb1 38. Ra7 Rh1 39. Rxc7 Rxh3+ 40. f3 Rh1 41. Rd7 Re1+ $1
42. Kf2 (42. Kd2 $4 h3 $1 $19) 42... Rd1 43. Rxd6+ Ke7 44. c5 (44. Ra6 Rxd3 $11
{doesn't chance much, White can't advance the c-P anymore}) 44... Rxd3 $11 {
and White can't move his R from d6 anymore, making this a draw})) 28. Ra6 Re8
29. Kf3 Rb7 30. Ra8 (30. c4 {maybe doesn't work quite well now:} dxc3 31. bxc3
Bf6 $1 {probably one of Caruana's ideas when playing 29...Rb7 and exploiting
the fact that the white R has left a7} 32. d4 Nb6 $1 $13 {and after Reb8,
Black is quite solid, also looking to harass d5, Nc4 at some point.}) 30... Kf8
31. Ra1 Nc5 32. R1a7 (32. Bxc5 $5 {totally changing the position's character;
the opposite-coloured Bs are very dangerous for Black now} dxc5 33. d6 cxd6 34.
Bd5 Rc7 $8 {other moves are clearly losing} (34... Rb6 $2 35. Rc8 $18 {Raa8
next}) 35. Rb8 Bf6 36. Raa8 Rxb8 37. Rxb8+ Ke7 38. Rxb5 $16 {Also a difficult
endgame for Black. The R has to remain passive, meanwhile White could improve
his K, eventually bring the R to the 8th rank. I don't know about winning
chances here, it would be curious to know how Dominguez evaluated this endgame
compared to the game. In any case, with 32.R1a7 he maintains a solid and
lasting advantage.}) 32... Rxa7 33. Rxa7 Nxb3 34. cxb3 Ke7 35. Rb7 Kd7 36. Rxb5
{Grabbing the first soldier - a long fight begins now!} Rh8 37. Bd2 Rh5 38. Ra5
g6 39. Ke4 Rh8 40. Ra8 f5+ 41. Kf3 Bf6 42. Ra1 Rb8 43. b4 Re8 44. Ra7 Rb8 45.
Ke2 Kc8 46. Kd1 Rb5 47. Ra5 Rb8 48. Kc2 Kd7 49. Ra1 Rb5 50. Ra5 Rb8 51. b5 Kc8
52. Kb3 Kb7 53. Ra1 Re8 54. Re1 Rxe1 55. Bxe1 {A curious endgame, White is a P
up, but 6 of his pawns are doubled and isolated! Nevertheless, the d4-P is a
major weakness, not to mention the potential c7-d6-h4 targets. At a first
glance, I was sure this should be winning. But with long analysis, it turns
out that matters are not that easy:} Kb6 56. Kc4 Be7 57. f3 Bf6 58. Kb4 Bd8 59.
Bf2 Bf6 60. b3 Kb7 $2 {Evaluating correctly was very hard, but I believe this
is the losing move. Now White will be able to create a passed P on the Q-side
as the game shows:} (60... Bg7 $1 {was the alternative, giving the P away, but
stopping the Ka5-b6 plan, that creates the passed b-P for White} 61. Bxh4 Bh8 {
Now we can not force the black K to go to b7. The only way would be to grab
yet another P, the d4 one.} 62. Kc4 Bg7 63. Bf2 Bf6 $1 (63... Bh6 {would be
similar to the game. White takes on d4, plays b6, and uses the same plan to win
} 64. Bxd4+ Kb7 65. b6 cxb6 66. Kb5 Bxf4 67. Bxb6 $18 {kind of transposes to
the 74th move}) 64. b4 Bg7 {And I'm convinced with extensive analysis that the
P endgame is drawn. Meaning I can't find anything else for White in the
endgame. Apparently 60...Bg7 is securing a very difficult, bizarre, but
realistic draw} 65. Bxd4+ Bxd4 66. Kxd4 Kxb5 67. Kc3 Ka6 {and White can not
make any progress, even being 2 Ps up} 68. Kb3 (68. Kd2 Kb5 {running to the
K-side is a major failure} 69. Ke3 $4 Kxb4 70. Kf2 Kc5 71. Kg3 Kxd5 72. Kh4 Ke6
73. Kg5 Kf7 $19) 68... Kb5 69. Ka3 Ka6 $1 {very important detail} 70. Ka4 Kb6 {
with the K on b6, now White is forced to play d4 in order to advance b5 -
otherwise Kc5 and Black is fine. We'll see that this tempo is essential for
the draw} 71. d4 Ka6 72. b5+ Kb6 73. Kb4 Kb7 $1 74. Ka5 Ka7 75. b6+ cxb6+ 76.
Kb5 Kb7 77. h4 Kc7 78. Ka6 b5 $1 79. Kxb5 Kb7 $11 {without invading the 6th
rank, White can't do anything.}) 61. Ka5 Bd8 62. Kb4 Bf6 63. Ka5 Bd8 64. b6 $1
{The key. Now White wins, but not without hard work:} cxb6+ 65. Kb5 Bf6 66. b4
Be7 (66... Bg7 {is simply suicide} 67. Bxh4 Bh6 68. Bg5 $1 Bf8 {stopping Be7}
69. h4 $18 {now Ka6/Kc6 or Be7 has to be allowed.}) 67. Bxd4 Bd8 68. Bc3 Be7
69. Bg7 Bd8 70. Bd4 Be7 71. Bxb6 Bf6 72. Bf2 Bc3 73. Bxh4 Bd2 74. Bf2 Bxf4 75.
Ka4 Ka6 76. b5+ {And gradually White brings the K over to the K-side to
deliver the final blow:} Kb7 77. Kb3 Kc7 78. Kc2 Kb7 79. Bd4 Bg3 80. Be3 Be5
81. Kb3 Kc7 82. Ka4 Kb7 83. Kb4 Bg3 84. Kc4 Be5 85. Kb3 Bg3 86. Kc2 Be5 87. Kd2
Bg3 88. Ke2 Bh4 89. Kf1 Bg3 90. Kg2 Bh4 91. Bf2 Bf6 92. Be3 Bh4 93. Bf2 Bf6 94.
h4 $1 {Opening space on the K-side for the decisive invasion.} Kc7 95. Kh3 Kb7
96. h5 $1 {The finishing touch. Now after Bh4-Be7 and Kh4, White finally wins.}
gxh5 97. Bh4 Bd4 98. Be7 $1 (98. Bd8 {would allow} Bf2 $1) 98... Be5 99. Bd8
Kc8 100. Bg5 {Black rushes to take on b5, but naturally, there's no time.} Kb7
101. Kh4 Kb6 102. Be3+ Kxb5 103. f4 Bb2 104. Kxh5 Kb4 105. Kg5 Kc3 106. Kxf5
Kxd3 107. Bg1 Bc1 108. Bh2 {Followed by Ke6 and f5. A highly exotic and tough
B endgame, that shows us how resourceful chess is, there's always a chance to
escape if you try hard!} 1-0

[Event "Metz op 31th"]
[Site "Metz"]
[Date "2013.04.23"]
[Round "6"]
[White "Philippe, Christophe"]
[Black "Klek, Hanna Marie"]
[Result "1/2-1/2"]
[WhiteElo "2384"]
[BlackElo "2332"]
[Annotator "Metz Alekhine/Primel,D"]
[PlyCount "54"]
[EventDate "2013.04.20"]
[EventType "swiss"]
[EventRounds "9"]
[EventCountry "FRA"]
[SourceTitle "EXT 2016"]
[Source "ChessBase"]
[SourceDate "2015.10.08"]
[SourceVersion "1"]
[SourceVersionDate "2015.10.08"]
[SourceQuality "1"]
[TimeControl "40/5400:1800+30"]
[WhiteClock "1:30:00"]
[BlackClock "1:30:00"]

1. e4 e5 2. Nf3 Nc6 3. Bb5 a6 4. Ba4 Nf6 5. d3 $5 {Assez populaire depuis
quelques années} (5. O-O) 5... b5 (5... d6 6. c3 g6) 6. Bb3 Bc5 7. Nc3 h6 8.
Nd5 d6 9. c3 O-O 10. O-O Ba7 11. Be3 (11. a4 Bb7 12. Nxf6+ Qxf6 13. Bd5 Nd8 14.
Be3 c6 15. Bb3 Ne6 16. Bxa7 Rxa7 17. axb5 cxb5 18. g3 Nc5 19. Bc2 d5 20. d4
exd4 21. e5 Qe7 22. Qxd4 Raa8 23. Rae1 Rfd8 24. Nh4 Bc8 25. b4 Ne4 26. Rxe4
dxe4 27. Qxe4 Qb7 28. Qh7+ Kf8 29. Be4 Qb8 30. Qh8+ Ke7 31. Qxg7 Bh3 32. Ng6+
Kd7 33. Qxf7+ Kc8 34. Ne7+ {1-0 (34) Dominguez Perez,L (2754)-Ponomariov,R 
(2731) Beijing 2013}) 11... Na5 $146 (11... Be6 12. Bxa7 Rxa7 13. a4 $14 {
Hirneise,T (2431)-Papp,P (2230) Budapest FS04 IM 2011 (8) 1-0}) 12. Bc2 c5 13.
b4 cxb4 14. cxb4 Nc6 15. Bb3 Be6 16. Rc1 Bxd5 17. Bxd5 Nxd5 18. exd5 Ne7 (18...
Nxb4 19. a3) 19. Qb3 Qd7 20. Rfe1 Qb7 21. Bxa7 Rxa7 22. d4 Nxd5 23. dxe5 dxe5
24. Rxe5 Nf6 25. h3 Re8 26. Rxe8+ Nxe8 27. Nd4 Qe4 1/2-1/2

[Event "Jermuk FIDE GP (Women)"]
[Site "Jermuk"]
[Date "2012.07.26"]
[Round "9"]
[White "Munguntuul, Batkhuyag"]
[Black "Koneru, Humpy"]
[Result "1/2-1/2"]
[WhiteElo "2447"]
[BlackElo "2598"]
[Annotator "Mikhalchishin,A"]
[PlyCount "54"]
[EventDate "2012.07.16"]
[EventType "tourn"]
[EventRounds "11"]
[EventCountry "ARM"]
[EventCategory "11"]
[SourceTitle "CBM 150"]
[Source "ChessBase"]
[SourceDate "2012.09.14"]
[SourceVersion "1"]
[SourceVersionDate "2012.09.14"]
[SourceQuality "1"]

1. e4 e5 2. Nf3 Nc6 3. Bb5 a6 4. Ba4 Nf6 5. Qe2 b5 6. Bb3 Bc5 7. c3 O-O 8. O-O
d5 {The ideas behind the Marshall Gambit have become very popular in the
Spanish Opening!} 9. exd5 ({After the timid} 9. d3 {Black has two serious and
good options} d4 (9... dxe4 10. dxe4 Qe7 (10... Bd6 11. Rd1 Qe8 12. h3 Ne7 13.
Nh4 Qc6 14. Nd2 Bb7 15. Re1 a5 16. a4 b4 17. Bc4 bxc3 18. bxc3 Ba6 19. Bxa6
Rxa6 20. Nf1 Rb6 21. Bg5 Bc5 22. Ng3 h6 23. Bc1 Rfb8 {1/2 Safarli,E (2488)
-Ruijgrok,D (2330)/Hoogeveen NED 2007; with good counterplay.}) 11. h3 Be6 12.
Re1 Rfd8 $10 {Velickovic,S-Karaklajic,N/Banja Vrucica/1991/}) 10. Bg5 h6 11.
Bxf6 (11. Bh4 Qd6 12. Nbd2 Nh5 13. cxd4 Nf4 14. Qd1 Bxd4 15. Qb1 Nb4 16. Nxd4
Qxd4 17. Nf3 Qd6 18. d4 Bb7 19. d5 c5 20. a3 Nbd3 21. Bc2 c4 22. b3 Ne2+ 23.
Kh1 Nc3 {trapping the queen in Leenhouts,K (2395)-Negi,P (2480)/Vlissingen NED
2006.}) 11... Qxf6 12. Bd5 dxc3 13. bxc3 Bd7 14. Nbd2 Rad8 {Ljubojevic,
L-Sokolov,I/Linares/1995/}) 9... e4 (9... Nxd5 10. Qe4 Nde7 (10... Be6 $2 11.
d4 exd4 12. Ng5 $1 $40 {1-0 Schilhart,N-Ehrke,M/RLN 1981 (17)}) 11. Nxe5 Nxe5
12. Qxe5 (12. d4 {is better:} Bf5 13. Qxe5 Bd6 14. Qe2 Re8 15. Qf3 Qd7 16. Be3
c6 17. Nd2 Nd5 18. h3 Bc7 19. Bxd5 cxd5 20. Rfe1 {with better play.}) 12... Bd6
13. Qe2 Bb7 14. d4 $13 {0-1 Vidarsson,J-Karlsson,A/Reykjavik op 1993 (30)}) 10.
dxc6 {Natural and logical, other moves are weaker:} (10. d4 exf3 11. Qxf3 Nxd4
$1 (11... Bg4 12. Qd3 Bxd4 13. cxd4 Nb4 14. Qg3 Be2 15. Re1 Bc4 16. Bg5 (16.
Re5 $5) 16... Bxb3 17. Bxf6 Qxf6 18. Qxb3 Qxd4 19. Rd1 Qc4 $11 {1/2 McShane,L 
(2400)-Emms,J (2535)/Germany 1997/GER-chT}) 12. cxd4 Bxd4 $15 13. Nc3 (13. h3
$5) 13... Bg4 14. Qf4 Bc5 15. Be3 Bd6 16. Qd4 Re8 17. Rfe1 Be5 18. Qd3 Qd6 19.
h3 Bh5 20. Qd2 Rad8 21. f4 $6 (21. Rac1 $15) 21... Bxc3 22. bxc3 Bg6 $1 $17 {
>< d5} (22... Nxd5 $2 23. Qxd5 Qxd5 24. Bxd5 Rxd5 25. g4 $16)) (10. Ng5 Bg4 11.
Qe1 Na5 12. Nxe4 Nxb3 13. axb3 Re8 14. d3 Qxd5 {with very good compensation.})
10... exf3 (10... Bg4 {does not promise any compensation:} 11. d4 Bd6 12. Nbd2
exf3 13. Nxf3 Re8 14. Be3 Nh5 15. Bd1 Nf4 16. Qd2) 11. Qxf3 Bg4 12. Qg3 {
This is necessary to avoid a blockade.} Be2 (12... Bd6 13. f4 Be2 14. d4 Bxf1
15. Kxf1 Re8 16. Qf3 Qe7 17. Bd2 Qe4 18. Qxe4 Nxe4 19. g3 Rab8 20. Be1 Rb6 21.
Bd5 Nf6 22. Bf3 {1-0 Sarana Hungeling,O (2342)-Pokorna,R (2198)/Nove Zamky
1999; with sufficient compensation for the exchange.}) 13. d4 Bd6 14. Qh3 ({
Another retreat is debatable} 14. Qh4 Bxf1 15. Kxf1 Re8 16. Be3 Re4 17. Qh3 Ng4
18. Nd2 Nxe3+ 19. fxe3 Rh4 20. Qf3 Rxh2 21. Bxf7+ Kh8 22. Ke2 Qg5 23. Ne4 {
1-0 Safarli,E (2603)-Geske,J (2348)/Pardubice 2010 with very sharp and unclear
play.}) 14... Bxf1 15. Kxf1 Re8 ({It is not easy to attack the c6-pawn:} 15...
Qe8 16. Qf3 a5 17. a4 b4 18. cxb4 Bxb4 19. Nc3) 16. Be3 ({Clearly better was} 
16. Qf3 Qe7 17. Be3 Qe4 18. Qxe4 Nxe4 19. Nd2 Nxd2+ 20. Bxd2 {with chances to
realise the material advantage.}) 16... Qc8 $1 17. Qxc8 {It is not possible to
avoid the queen exchange.} Raxc8 18. h3 Ne4 19. Ke2 ({The logical move was met
with tactics:} 19. Nd2 Ng3+ $1 20. Kg1 Nf5 21. Nf1 Nxe3 22. Nxe3 g6) 19... Kf8
20. Nd2 Nxd2 21. Kxd2 f5 22. g3 Rb8 23. h4 Ke7 24. Bg5+ {It was a strange
decision to allow Koneru to escape with a draw!} ({White retains good chances
to realise the advantage after} 24. Bc2 g6 25. Bg5+ Kf8 26. h5) 24... Kf8 25.
Be3 Ke7 26. Bg5+ Kf8 27. Be3 Ke7 1/2-1/2